Most Covered Songs of all time - Statistics

General Stats
  • This quiz has been taken 86 times
  • The average score is 14 of 25
Answer Stats
Song Artist % Correct
Billie Jean Michael Jackson
99%
Yesterday The Beatles
97%
Imagine John Lennon
92%
Eleanor Rigby The Beatles
91%
(I Can't Get No) Satisfaction The Rolling Stones
91%
My Way Frank Sinatra
82%
Bridge Over Troubled Water Simon & Garfunkel
81%
Love Me Tender Elvis Presley
77%
I Walk The Line Johnny Cash
77%
House of the Rising Sun The Animals
72%
Time After Time Cyndi Lauper
67%
Blackbird The Beatles
62%
Hallelujah Leonard Cohen
59%
Over the Rainbow Judy Garland
57%
White Christmas Bing Crosby
56%
And I Love Her The Beatles
53%
God Only Knows The Beach Boys
44%
All Of Me John Legend
43%
Ain't No Sunshine Bill Withers
41%
Love Yourself Justin Bieber
32%
Summertime Abbie Mitchell
1%
The Look Of Love Dusty Springfield
1%
Cry Me a River Julie London
1%
Silent Night John Freeman Young
0%
Amazing Grace John Newton
0%
No matching quizzes found
Score Distribution
Percent of People with Each Score
Percentile by Number Answered
Your Score History
You have not taken this quiz